| 000 | 00638nam a22001937a 4500 | ||
|---|---|---|---|
| 005 | 20141008135535.0 | ||
| 008 | 141008b xxu||||| |||| 00| 0 eng d | ||
| 020 | _a9780273779865 | ||
| 050 |
_aHG 4011 _b.G447 2013 |
||
| 100 | _aGitman, Lawrence J. | ||
| 245 |
_aPrinciples of managerial finance / _cLawrence J. Gitman and Chad J. Zutter. |
||
| 250 | _a13th ed. | ||
| 260 |
_aBoston : _bPearson Addison Wesley, _cc2013. |
||
| 300 |
_a848 pages : _billustrations (some colored) ; _c27 cm. |
||
| 521 | _aBusiness Administration | ||
| 650 |
_aCorporations _xFinance. |
||
| 650 |
_aBusiness enterprises _xFinance. |
||
| 942 |
_2lcc _cBK _kFOR |
||
| 999 |
_c276039 _d276039 |
||